00501naa a2200169 450000500170000001000160001702000260003303500140005903700090007308200130008210000180009524500850011325000060019826000400020427000650024430000220030920250811155226.0 aENG- 146448 c299.00a9789362253835 aEN-129980 bDBAD a230.221 aAgarwal, D.K. aRamayana For Young Minds:bTimeless Tale of Valor and Virtue/cby D.K. Agarwal  a1 aNew DelhibDisha Publicationsc2025 aB-32, Shivalik Main Road, Malviya Nagar,bNew Delhi e110017 a307p. c21cm (pb)